[Event "AUTO-MASTER-231"]
[Site "http://www.queenalice.com/game.php?id=132819"]
[Date "2006.11.23"]
[Round "1"]
[White "Tal"]
[Black "arnold_paulino"]
[Result "1-0"]
[WhiteElo "2118"]
[BlackElo "1928"]

1. Nf3 d5 2. c4 e6 3. g3 Nf6 4. Bg2 Nc6 5. cxd5 Nxd5 6. O-O Nf6 7. Qa4 Bd7 8.
Nc3 Bd6 9. Ng5 Nd5 10. Qh4 h6 11. Nge4 Qxh4 12. gxh4 Nf4 13. d3 Nxg2 14. Kxg2
Be7 15. Nb5 O-O-O 16. h5 a6 17. Nbc3 Nd4 18. Be3 Nc2 19. Rac1 Nxe3+ 20. fxe3 Bc6
21. Rxf7 Bf6 22. Nd1 Be8 23. Rcxc7+ Kb8 24. Rxb7+ Ka8 25. Ra7+ Kb8 26. Rfb7+ Kc8
27. Rc7+ Kb8 28. Nc5 Bc6+ 29. Kg1 Be5 30. Nxa6# 1-0

[Event "AUTO-MASTER-231"]
[Site "http://www.queenalice.com/game.php?id=132820"]
[Date "2006.11.23"]
[Round "1"]
[White "arnold_paulino"]
[Black "Tal"]
[Result "0-1"]
[WhiteElo "1975"]
[BlackElo "1959"]

1. e4 Nc6 2. d4 e5 3. d5 Nb4 4. a3 Na6 5. Nc3 Nf6 6. Bxa6 bxa6 7. Nf3 d6 8. O-O
Be7 9. Re1 O-O 10. Be3 Ng4 11. Bd2 f5 12. exf5 Bxf5 13. h3 Nf6 14. g4 Nxg4 15.
hxg4 Bxg4 16. Ne2 Bxf3 17. Qc1 Qc8 18. Kh2 Qg4 0-1

[Event "AUTO-MASTER-231"]
[Site "http://www.queenalice.com/game.php?id=132833"]
[Date "2006.11.23"]
[Round "1"]
[White "vila1"]
[Black "arnold_paulino"]
[Result "1-0"]
[WhiteElo "1725"]
[BlackElo "1883"]

1. c4 e5 2. g3 Nc6 3. Bg2 d6 4. e3 Nf6 5. Ne2 Bd7 6. Nbc3 Be7 7. d4 O-O 8. O-O
Re8 9. d5 Nb8 10. b4 c6 11. Bb2 cxd5 12. Nxd5 Nxd5 13. Bxd5 Bc6 14. b5 Bxd5 15.
cxd5 Qb6 16. a4 Nd7 17. Nc3 Rac8 18. a5 Qc7 19. e4 Bg5 20. a6 bxa6 21. bxa6 Nc5
22. f4 exf4 23. gxf4 Bd8 24. Qg4 1-0

[Event "AUTO-MASTER-231"]
[Site "http://www.queenalice.com/game.php?id=132834"]
[Date "2006.11.23"]
[Round "1"]
[White "arnold_paulino"]
[Black "vila1"]
[Result "0-1"]
[WhiteElo "1861"]
[BlackElo "1747"]

1. e4 c5 2. Bc4 e6 3. Nf3 Be7 4. O-O Nc6 5. a3 a6 6. Re1 b5 7. Ba2 Nf6 8. e5 Ng4
9. h3 Nh6 10. c3 Bb7 11. d4 cxd4 12. cxd4 O-O 13. Bxh6 gxh6 14. Qd2 Bg5 15. Qc2
Rc8 16. Qd3 d6 17. Nc3 b4 18. Ne2 d5 19. Nxg5 hxg5 20. Rac1 a5 21. Qb5 Na7 0-1

[Event "AUTO-MASTER-231"]
[Site "http://www.queenalice.com/game.php?id=132841"]
[Date "2006.11.23"]
[Round "1"]
[White "Trefor"]
[Black "arnold_paulino"]
[Result "1-0"]
[WhiteElo "1985"]
[BlackElo "2040"]

1. e4 e5 2. Nf3 Nc6 3. Bb5 d6 4. d4 Bd7 5. Nc3 a6 6. Bxc6 Bxc6 7. dxe5 dxe5 8.
Qxd8+ Rxd8 9. Nxe5 Rd6 10. Nxc6 Rxc6 11. O-O Nh6 12. Bxh6 gxh6 13. f4 Bc5+ 14.
Kh1 Bd4 15. Rf3 Bxc3 16. bxc3 O-O 17. Rb1 b5 18. Rd1 Re8 19. e5 Rc4 20. f5 Rxe5
21. Rd8+ Kg7 22. f6+ Kg6 23. Rg8+ Kh5 24. Rh3+ Rh4 25. g4# 1-0

[Event "AUTO-MASTER-231"]
[Site "http://www.queenalice.com/game.php?id=132842"]
[Date "2006.11.23"]
[Round "1"]
[White "arnold_paulino"]
[Black "Trefor"]
[Result "0-1"]
[WhiteElo "1990"]
[BlackElo "2082"]

1. e4 Nf6 2. e5 Nd5 3. Bc4 e6 4. d4 Nb6 5. Bb3 d5 6. Nf3 c5 7. dxc5 Bxc5 8. O-O
Nc6 9. Nc3 Qc7 10. Re1 Bd7 11. Nb5 Qb8 12. Be3 Bxe3 13. Rxe3 O-O 14. Nbd4 a5 15.
Nxc6 bxc6 16. Qd3 a4 17. Bxa4 Rxa4 18. Ng5 g6 19. b3 Rg4 20. Nf3 c5 21. h3 c4
22. bxc4 Rxc4 23. Nd2 Rb4 24. Rg3 Qxe5 25. c3 Bb5 26. Qc2 Rc8 27. Rc1 d4 28. Nf3
Qg7 29. cxb4 Rxc2 30. Rxc2 d3 31. Rd2 Qc3 32. Rg5 Qxb4 33. Kh2 f5 34. h4 Bc6 35.
Rxd3 Bxf3 36. Kg3 Bd5 37. f3 Kf7 0-1

[Event "Challenge"]
[Site "http://www.queenalice.com/game.php?id=163146"]
[Date "2007.2.3"]
[Round "-"]
[White "Goles_Giovano"]
[Black "arnold_paulino"]
[Result "1-0"]
[WhiteElo "2051"]
[BlackElo "1823"]

1. e4 e5 2. f4 exf4 3. Nf3 g5 4. Bc4 Bg7 5. d4 Nc6 6. c3 g4 7. Bxf4 gxf3 8. Qxf3
d6 9. O-O Qf6 10. Qg3 Qg6 11. Bxd6 Qxg3 12. Bxf7+ Kd7 13. Bxg3 Nge7 14. Na3 Rf8
15. Nb5 a6 16. Nxc7 Ra7 17. Ne6 b5 18. Nxg7 Nd8 19. Bh5 Rxf1+ 20. Rxf1 Bb7 21.
Bg4+ 1-0

[Event "Challenge"]
[Site "http://www.queenalice.com/game.php?id=163147"]
[Date "2007.2.3"]
[Round "-"]
[White "arnold_paulino"]
[Black "Goles_Giovano"]
[Result "0-1"]
[WhiteElo "1816"]
[BlackElo "2058"]

1. e4 e5 2. Nf3 Nc6 3. Bb5 f5 4. d3 fxe4 5. dxe4 Nf6 6. O-O Bc5 7. Nc3 d6 8.
Bxc6+ bxc6 9. Qe2 Be6 10. Be3 Bxe3 11. Qxe3 O-O 12. Rad1 Qb8 13. b3 h6 14. Nd2
Nh5 15. Nf3 Bg4 16. h3 Bxf3 17. gxf3 Nf4 18. Ne2 Nxh3+ 19. Kh2 Nf4 0-1

[Event "AUTO-OPEN-454"]
[Site "http://www.queenalice.com/game.php?id=164932"]
[Date "2007.2.7"]
[Round "2"]
[White "Alaune"]
[Black "arnold_paulino"]
[Result "1-0"]
[WhiteElo "1833"]
[BlackElo "1774"]

1. e4 e5 2. Nf3 Nc6 3. Nc3 Nf6 4. Bb5 Bb4 5. d3 d6 6. Bxc6+ bxc6 7. Bd2 O-O 8.
O-O Be6 9. a3 Bxc3 10. Bxc3 Re8 11. h3 Bc8 12. Bd2 d5 13. Bg5 h6 14. Bh4 g5 15.
Bg3 Bb7 16. Bxe5 Nd7 17. Bd4 dxe4 18. dxe4 c5 19. Bc3 Bxe4 20. Nd2 Bb7 21. Nc4
1-0

[Event "AUTO-OPEN-454"]
[Site "http://www.queenalice.com/game.php?id=164933"]
[Date "2007.2.7"]
[Round "2"]
[White "arnold_paulino"]
[Black "Alaune"]
[Result "0-1"]
[WhiteElo "1840"]
[BlackElo "1816"]

1. e4 e5 2. Nf3 Nc6 3. Bb5 a6 4. Ba4 d6 5. Bxc6+ bxc6 6. Nc3 Nf6 7. O-O Bg4 8.
h3 Bh5 9. d3 Be7 10. g4 Bg6 11. Nh4 O-O 12. Nxg6 fxg6 13. Be3 Qd7 14. Re1 Rab8
15. b3 Rf7 16. Qe2 Rbf8 17. Rad1 h5 18. gxh5 Qxh3 19. hxg6 Qg4+ 0-1

[Event "AUTO-OPEN-454"]
[Site "http://www.queenalice.com/game.php?id=164940"]
[Date "2007.2.7"]
[Round "2"]
[White "arnold_paulino"]
[Black "R_Mutt"]
[Result "0-1"]
[WhiteElo "1760"]
[BlackElo "2112"]

1. e4 c5 2. Bc4 e6 3. Nf3 Nc6 4. Nc3 Nf6 5. O-O d6 6. Re1 Be7 7. a3 O-O 8. Bb5
Qc7 9. d3 Bd7 10. Bg5 Rfe8 11. Qd2 Rad8 12. Rad1 a6 13. Bxc6 Bxc6 14. Re2 b5 15.
d4 Bb7 16. d5 b4 17. axb4 cxb4 18. Na2 exd5 0-1

[Event "AUTO-OPEN-454"]
[Site "http://www.queenalice.com/game.php?id=164941"]
[Date "2007.2.7"]
[Round "2"]
[White "R_Mutt"]
[Black "arnold_paulino"]
[Result "1-0"]
[WhiteElo "2113"]
[BlackElo "1758"]

1. e4 e5 2. Nf3 Nf6 3. d4 Nxe4 4. Bd3 d5 5. Nxe5 Qe7 6. O-O Nd7 7. f4 Qh4 8. Qe2
f5 9. Nd2 Nxe5 10. fxe5 Be7 11. Nf3 Qh5 12. c4 Be6 13. Be3 O-O 14. cxd5 Bxd5 15.
Bc4 Qf7 16. Rac1 c6 17. a3 Rad8 18. b4 1-0

[Event "Challenge"]
[Site "http://www.queenalice.com/game.php?id=165205"]
[Date "2007.2.8"]
[Round "-"]
[White "mgv"]
[Black "arnold_paulino"]
[Result "1-0"]
[WhiteElo "1995"]
[BlackElo "1908"]

1. e4 e5 2. Nf3 Nc6 3. Bb5 d6 4. d4 Bd7 5. Nc3 exd4 6. Nxd4 Nxd4 7. Qxd4 Bxb5 8.
Nxb5 Ne7 9. Bg5 f6 10. Bh4 Nc6 11. Qc4 1-0

[Event "Challenge"]
[Site "http://www.queenalice.com/game.php?id=169089"]
[Date "2007.2.15"]
[Round "-"]
[White "gummino"]
[Black "arnold_paulino"]
[Result "1-0"]
[WhiteElo "2093"]
[BlackElo "1891"]

1. e4 e5 2. Nf3 Nc6 3. Nc3 Nf6 4. Bb5 d6 5. d4 Bd7 6. O-O Ne7 7. dxe5 Bxb5 8.
exf6 Bxf1 9. fxe7 Qxe7 10. Qxf1 g6 11. Nd5 Qd7 12. Nf6+ 1-0

[Event "Challenge"]
[Site "http://www.queenalice.com/game.php?id=170427"]
[Date "2007.2.18"]
[Round "-"]
[White "arnold_paulino"]
[Black "moonspell"]
[Result "0-1"]
[WhiteElo "1810"]
[BlackElo "1921"]

1. d4 Nf6 2. c4 e6 3. Nc3 d5 4. Nf3 c6 5. e3 Nbd7 6. b3 Ne4 7. Bb2 f5 8. a3 Bd6
9. Qc2 Ndf6 10. Nxe4 fxe4 11. Nd2 O-O 0-1